| 000 | 00452nam a2200181Ia 4500 | ||
|---|---|---|---|
| 005 | 20240823045443.0 | ||
| 008 | 240823s9999||||xx |||||||||||||| ||und|| | ||
| 020 | _a978-81-8371-171-5 | ||
| 041 | _aENGLISH | ||
| 082 | _A511 P8 | ||
| 100 | _aSuryanarayana Rao K V | ||
| 245 | 0 | _aMathematical Methods | |
| 250 | _a1st | ||
| 260 |
_c2008 _b"Scitech Publications,Ch" |
||
| 500 | _aYES | ||
| 650 |
_aMathematical Methods _bMathematics |
||
| 942 | _cBK | ||
| 999 |
_c214999 _d214999 |
||